<?xml version="1.0" encoding="UTF-8"?>
<marc:record xmlns:marc="http://www.loc.gov/MARC21/slim">
   <marc:leader>00000nam a2200000 a 4500</marc:leader>
   <marc:datafield ind1="1" ind2=" " tag="100">
      <marc:subfield code="a">Baldacci, David</marc:subfield>
      <marc:subfield code="4">aut</marc:subfield>
      <marc:subfield code="e">Verfasser/-in</marc:subfield>
   </marc:datafield>
   <marc:datafield ind1=" " ind2=" " tag="653">
      <marc:subfield code="a">USA</marc:subfield>
   </marc:datafield>
   <marc:datafield ind1=" " ind2=" " tag="653">
      <marc:subfield code="a">Familie</marc:subfield>
   </marc:datafield>
   <marc:datafield ind1=" " ind2=" " tag="653">
      <marc:subfield code="a">FBI</marc:subfield>
   </marc:datafield>
   <marc:datafield ind1=" " ind2=" " tag="653">
      <marc:subfield code="a">Vergangenheitsbewältigung</marc:subfield>
   </marc:datafield>
   <marc:datafield ind1=" " ind2=" " tag="653">
      <marc:subfield code="a">Krimis, Thriller, Spionage</marc:subfield>
   </marc:datafield>
   <marc:datafield ind1="0" ind2="0" tag="245">
      <marc:subfield code="a">Last mile</marc:subfield>
   </marc:datafield>
   <marc:datafield ind1="0" ind2="0" tag="245">
      <marc:subfield code="b">Thriller</marc:subfield>
   </marc:datafield>
   <marc:datafield ind1=" " ind2="1" tag="264">
      <marc:subfield code="b">Ludwig Verlag</marc:subfield>
      <marc:subfield code="c">2020</marc:subfield>
   </marc:datafield>
   <marc:datafield ind1="1" ind2=" " tag="490">
      <marc:subfield code="a">Amos Decker - Memory Man</marc:subfield>
   </marc:datafield>
   <marc:datafield ind1="1" ind2=" " tag="520">
      <marc:subfield code="a">Klappentext: Seit einem Unfall kann Amos Decker, der Memory Man, nichts mehr vergessen. Fast wäre er an den unlöschbaren Bildern seiner traumatischen Vergangenheit zerbrochen. Aber nun hat er ein neues Lebensziel gefunden: Innerhalb einer Spezialeinheit des FBI klärt er ungelöste Schwerverbrechen. In seinem ersten Fall geht es um Melvin Mars, der seit zwanzig Jahren in der Todeszelle sitzt. Er soll seine eigenen Eltern ermordet haben. Doch Stunden vor seiner geplanten Exekution taucht ein Mann auf und behauptet, der Schuldige zu sein. Kann Decker ihm glauben? Ist Melvin Mars unschuldig und muss vor der Todesstrafe bewahrt werden? Oder wird ein hochgefährlicher Mörder auf freien Fuß gesetzt? Als ein Mitglied aus Deckers Team plötzlich spurlos verschwindet, zeigt sich bald, dass der Fall eine noch viel tiefergehende gesellschaftliche Sprengkraft birgt.  Biografie David Baldaccis Romane wurden in mehr als 45 Sprachen übersetzt und erreichen weltweit eine Gesamtauflage von über 100 Millionen. Er wurde 1960 in Virginia geboren und studierte dort Politik- und Rechtswissenschaften. Bevor er mit dem Schreiben begann, war er neun Jahre lang als Jurist tätig. Bereits sein erster Roman äDer Präsidentô war ein durchschlagender Erfolg und wurde kurz darauf verfilmt. Seit der Erkrankung seiner Schwester an Multipler Sklerose engagiert sich Baldacci ehrenamtlich für die National MS Society und weitere karitative Organisationen. Heute lebt er mit Frau und Kindern noch immer in Virginia.</marc:subfield>
   </marc:datafield>
   <marc:datafield ind1=" " ind2=" " tag="020">
      <marc:subfield code="a">9783453270619</marc:subfield>
      <marc:subfield code="9">9783453270619</marc:subfield>
   </marc:datafield>
</marc:record>
